| 000 | 00844nam a22002657a 4500 | ||
|---|---|---|---|
| 001 | 00260 | ||
| 003 | DO-SdBNP | ||
| 005 | 20180125094935.0 | ||
| 008 | 151119b 1995 nyu xxu||||| |||| 00| 0 spa d | ||
| 020 | _a0679763953 | ||
| 040 |
_aBPMSU _bspa _cBPMSU |
||
| 092 |
_axxxxx _bxxxxx |
||
| 100 | 1 |
_aO'Neill, Eugene Gladstone, _d1888-1953. |
|
| 245 |
_aThe Emperor Jones : _bAnna Christie, the hairy ape / _cEugene O'Neill; with an introduction by Lionel Trilling. |
||
| 260 |
_aNew York : _bThe Modern Library, _c1995. |
||
| 300 |
_a198 p. _c20 cm. |
||
| 490 | 1 | _aModern library of the world's best books. | |
| 740 | 0 | 2 | _aAnna Christie. |
| 740 | 2 | 2 | _aThe hairy ape. |
| 830 | 0 | _aModern library of the world's best books. | |
| 910 | _a00260 | ||
| 942 |
_2ddc _cBK |
||
| 945 | _ainventariado, 2018 / dg | ||
| 956 |
_aLorenza Pérez _b10 |
||
| 999 |
_c8823 _d8823 |
||